Mosby's Dictionary of Medicine, Nursing & Health Proffessions (Record no. 6585)

000 -LEADER
fixed length control field 00454nam a22001457a 4500
008 - FIXED-LENGTH DATA ELEMENTS--GENERAL INFORMATION
fixed length control field 150928b xxu||||| |||| 00| 0 eng d
020 ## - INTERNATIONAL STANDARD BOOK NUMBER
International Standard Book Number 9780323035620
050 ## - LIBRARY OF CONGRESS CALL NUMBER
Classification number REF R 121 .M67 2006
100 ## - MAIN ENTRY--PERSONAL NAME
Personal name Mosby
Dates associated with a name 2006
245 ## - TITLE STATEMENT
Title Mosby's Dictionary of Medicine, Nursing & Health Proffessions
260 ## - PUBLICATION, DISTRIBUTION, ETC. (IMPRINT)
Place of publication, distribution, etc. Philadelphia:
Name of publisher, distributor, etc. Mosby, Inc,
Date of publication, distribution, etc. 2006.
300 ## - PHYSICAL DESCRIPTION
Extent xiv, 2246p:ill
760 ## - MAIN SERIES ENTRY
Edition 7th ed
942 ## - ADDED ENTRY ELEMENTS (KOHA)
Source of classification or shelving scheme
Koha item type Reference Material
Classification part REF R 121 .M67 2006
Holdings
Withdrawn status Lost status Source of classification or shelving scheme Damaged status Not for loan Home library Current library Shelving location Date acquired Source of acquisition Total Checkouts Full call number Barcode Date last seen Price effective from Koha item type
          MACHAKOS UNIVERSITY LIBRARY MACHAKOS UNIVERSITY LIBRARY Reference 28/09/2015 DONATION (BFA)   REF R 121 .M67 2006 10236 04/06/2019 28/09/2015 Reference Material
          MACHAKOS UNIVERSITY LIBRARY MACHAKOS UNIVERSITY LIBRARY   03/12/2015 Donation (BFA)   REF R 121 .M67 2006 19939 03/12/2015 03/12/2015 Reference Material
          MACHAKOS UNIVERSITY LIBRARY MACHAKOS UNIVERSITY LIBRARY   04/12/2015 Donation (BFA)   REF R 121 .M89 2006 19344 04/12/2015 04/12/2015 Reference Material
© Machakos University Library, Along The Highway, Machakos Wote Rd, Machakos, Kenya P.O. Box 136 - 90100 Machakos - Kenya

Tel: ( +254 ) 723 805829 OR Fax : 044-20353 OR Email: library@mksu.ac.ke